| 000 | 00742nmc a2200253 a 4500 | ||
|---|---|---|---|
| 003 | AR-BaBNM | ||
| 005 | 20251128211721.0 | ||
| 008 | 116020s2002 ||||||||||||||000 | spa|| | ||
| 020 | _a85-86985-22-7 | ||
| 040 | _cAR-BaBNM | ||
| 100 | 1 | _aMartins, Maria do Carmo | |
| 245 | 1 | 0 |
_aA história prescrita e disciplinada nos currículos escolares _bquem legitima esses saberes? |
| 260 |
_aBragança Paulista _bEstudos CDAPH _c2002 |
||
| 300 | 0 | _a274 p. | |
| 490 | 0 | _aHistoria e ciências sociais | |
| 650 | 4 | _aHISTORIA DE LA EDUCACION | |
| 650 | 4 | _aREFORMA DE LA EDUCACION | |
| 650 | 4 | _aCURRICULO | |
| 650 | 4 | _aPROGRAMAS DE ENSENANZA | |
| 650 | 4 | _aENSENANZA DE LA HISTORIA | |
| 651 | 4 | _aBrasil | |
| 942 | _cBK | ||
| 998 | _craque-indi | ||
| 999 |
_c20834 _d20834 |
||